Detalles MARC
| 000 -LEADER |
| longitud fija campo de control |
02250nam a2200361 4500 |
| 003 - IDENTIFICADOR DE NUMERO DE CONTROL |
| control del campo |
AR-RoUNA |
| 008 - CAMPO DE CONTROL - LIBROS |
| longitud fija campo de control |
140529||||||||||||||||| |||| 0|||| d |
| 022 ## - ISSN |
| ISSN |
2301170X |
| 040 ## - ORIGEN DE LA CATALOGACION |
| Agencia que cataloga la obra original |
AR-RoUNA |
| Idioma en que se cataloga |
spa |
| 041 ## - CODIGO DE IDIOMA |
| Codigo de idioma del texto / sonido o titulo separado |
spa |
| 110 1# - ASIENTO PRINCIPAL - AUTOR INSTITUCIONAL |
| Nombre corporativo o de jurisdiccion como elemento de entrada |
Universidad de la Republica. Facultad de Arquitectura Diseño y Urbanismo |
| 9 (RLIN) |
12747 |
| 245 ## - TITULO PROPIAMENTE DICHO |
| Titulo |
Vitruvia |
| Numero de la parte / seccion de una obra |
Nº9 |
| 260 ## - EDITORIAL - PUBLICACION, DISTRIBUCION, ETC. (Pie de imprenta) |
| Lugar de publicacion, distribucion, etc |
Buenos Aires (Argentina) : |
| Fecha de publicacion |
1997 |
| Nombre del editor, distribuidor, etc |
AGI Artes Gráficas Integradas S.R.L, |
| 300 ## - DESCRIPCION FISICA |
| Extension |
186 p. : |
| Otros detalles fisicos |
il., |
| Dimensiones |
23x15 cm |
| 505 0# - NOTA DE CONTENIDO CON FORMATO |
| Título principal |
Cesio Laura/ Prologo. p. 11 |
| 505 0# - NOTA DE CONTENIDO CON FORMATO |
| Título principal |
Durán Calisto Ana María/ Dien Dien: Sentir al otro y las selvas agroecológicas de las civilizaciones Amazónicas. Un proyecto de Estudio AO y Manuela Omari Ima ( Omeré) para la exposición Dangerous Lianisons de la 18º. Bienal Internacional de Arquitectura de Venecia, El Laboratorio del Futuro. p. 17 |
| 505 0# - NOTA DE CONTENIDO CON FORMATO |
| Título principal |
Medero Santiago/ Ejército, territorio y Arquitectura. La experiencia de Alfredo Campos como militar y arquitecto, 1904 -1923. p. 37 |
| 505 0# - NOTA DE CONTENIDO CON FORMATO |
| Título principal |
Fernández Guerra. Duffau Nicolás. Morales Caballero María Fernanda / Hacia una cartografía Histórica de los pueblos de origen AFRO en Uruguay. p. 65 |
| 505 0# - NOTA DE CONTENIDO CON FORMATO |
| Título principal |
Folga Alejandro/ Eileen Gray, una casa bajo el sol. Una novela gráfica sobre arquitectura y feminismo. p. 87 |
| 505 0# - NOTA DE CONTENIDO CON FORMATO |
| Título principal |
Torres Corral Alicia / DOSSIER. El herbario de Monsieur Carré. De la naturaleza al paisaje. p. 109 |
| 505 0# - NOTA DE CONTENIDO CON FORMATO |
| Título principal |
Graciani Amparo/ Reseñas. Relaciones entre España y Estados Unidos en referencia a Amñerica Latina ( 1890 -1931). Implicaciones y manifestaciones del hispanismo y el panamericanismo en las exposiciones internacionales coetáneas. p. 159 |
| 505 0# - NOTA DE CONTENIDO CON FORMATO |
| Título principal |
Tedeschini Horacio/ Bajo tierra. Cartografía incompleta de revistas subte y fanzines en el Uruguay de las posdictadura. p. 162 |
| 505 0# - NOTA DE CONTENIDO CON FORMATO |
| Título principal |
Cobras Martín / Una vida, dos (o más) cuerpos. p. 170 |
| 650 ## - MATERIA - TERMINO TEMATICO |
| Fuente del encabezamiento |
Arquitectura contemporanea |
| 650 ## - MATERIA - TERMINO TEMATICO |
| Fuente del encabezamiento |
Historia de la Arquitectura |
| 650 ## - MATERIA - TERMINO TEMATICO |
| Fuente del encabezamiento |
Urbanismo |
| 773 ## - ENTRADA DEL ITEM MAYOR |
| Entrada principal |
Vitruvia Revista del Instituto de Historia de la Arquitectura |
| Lugar, editorial y fecha de la publicación |
Montevideo |
| Vol. - nro. (mes-año), pág. |
nº9 (mar. 2024) |
| ISSN |
2301170X |
| 908 ## - SOPORTE |
| Soporte |
Imp |
| 930 ## - ACCESION |
| Numero de accesion (NR) |
6845 |
| 942 ## - FUENTE DE CLASIFICACION |
| Tipo de item |
Analítica |
| Clasificacion |
Universal Decimal Classification |
| 945 ## - INFORMACION DE PROCESAMIENTO |
| Codigo del operador |
MBP |
| Fecha de ingreso o modificacion |
2025-11-13 |
| 980 ## - EQUIVALENCE OR CROSS-REFERENCE-SERIES STATEMENT--PERSONAL NAME/TITLE [LOCAL, CANADA] |
| Linkage |
6 |
| Personal name |
Mirna Bonanno Potro |
| Field link and sequence number |
1 |
| Miscellaneous information |
Maricel Allasia |